Arctic Monkeys Lyrics - 2013 - Statistics

General Stats
  • This quiz has been taken 39 times
    32 since last reset
  • The average score is 99 of 140
Answer Stats
Lyrics % Correct
a
95%
across
95%
All
95%
and
95%
galaxy
95%
it's
95%
It's
95%
-Teen
95%
the
95%
thir-
95%
thousand
95%
two
95%
thirteen
89%
and
84%
And
84%
in
79%
On
79%
You
79%
you
79%
Baby,
74%
baby,
74%
Instagram
68%
So,
68%
time
68%
Twitter
68%
are
63%
go
63%
got
63%
there's
63%
There's
63%
when
63%
As
58%
caught
58%
cut
58%
her
58%
loose
58%
Oh,
58%
one
58%
She
58%
after
53%
back
53%
both
53%
can
53%
can't
53%
coming
53%
even
53%
for
53%
fruit
53%
is
53%
little
53%
neither
53%
no
53%
of
53%
shiny
53%
take
53%
times
53%
transmitter
53%
Well,
53%
what
53%
will
53%
with
53%
(yeah)
53%
(Yeah)
53%
Yeah
53%
changing
47%
find
47%
had
47%
me
47%
mind?
47%
nothing
47%
pause
47%
press
47%
rewind
47%
amazing
42%
But
42%
flying
42%
live
42%
this
42%
walk
42%
won't
42%
believe,
37%
cars
37%
like
37%
machines
37%
magic
37%
Past
37%
slowly
32%
it'd
26%
knew
26%
lassoes
21%
No matching quizzes found
Score Distribution
Percent of People with Each Score
Percentile by Number Answered
Your Score History
You have not taken this quiz since the last reset